[Event "GER-chT U12"]
[Site "Verden"]
[Date "2005.12.29"]
[Round "5.4"]
[White "Hoeltgen, Benedikt"]
[Black "Dietrich, Christoph"]
[Result "0-1"]
[WhiteElo "823"]
[BlackElo "1085"]
[PlyCount "42"]
[EventDate "2005.12.27"]
[EventType "team-swiss"]
[EventRounds "7"]
[EventCountry "GER"]
[SourceTitle "CBM 110 Extra"]
[Source "ChessBase"]
[SourceDate "2006.03.10"]
[SourceVersion "2"]
[SourceVersionDate "2006.03.10"]
[SourceQuality "1"]

1. e4 c5 2. Nf3 d6 3. Bc4 e6 4. Nc3 a6 5. d3 Nf6 6. Bg5 Be7 7. e5 dxe5 8. Nxe5 0-0 9. 0-0 b5 10. Bb3 Qd6 11. Bf4 Qd4 12. g3 Bb7 13. Ne2 Qd8 14. Re1 Nd5 15. c4 Nxf4 16. Nxf4 Nc6 17. cxb5 axb5 18. Nxc6 Bxc6 19. Bxe6 fxe6 20. Nxe6 Qd5 21. Nf4 Qh1# 0-1

[Event "GER-chT U12"]
[Site "Verden"]
[Date "2005.12.27"]
[Round "1.4"]
[White "Matiaske, Wenzel"]
[Black "Hoeltgen, Benedikt"]
[Result "1-0"]
[WhiteElo "1208"]
[BlackElo "823"]
[PlyCount "75"]
[EventDate "2005.12.27"]
[EventType "team-swiss"]
[EventRounds "7"]
[EventCountry "GER"]
[SourceTitle "CBM 110 Extra"]
[Source "ChessBase"]
[SourceDate "2006.03.10"]
[SourceVersion "2"]
[SourceVersionDate "2006.03.10"]
[SourceQuality "1"]

1. d4 d5 2. c4 Nf6 3. Nc3 e6 4. Nf3 Bb4 5. Bd2 Nc6 6. e3 0-0 7. Be2 b6 8. 0-0 Ba6 9. cxd5 exd5 10. Bxa6 Ne4 11. Nxe4 dxe4 12. Ne1 Rb8 13. Nc2 Bxd2 14. Qxd2 b5 15. Nb4 Nxb4 16. Qxb4 Qd5 17. a4 c6 18. axb5 cxb5 19. Qc5 Rfd8 20. Qxa7 Ra8 21. Qc5 Rd6 22. Bb7 Qxb7 23. Qxd6 g6 24. g3 Ra4 25. Rxa4 bxa4 26. Qa3 Qa6 27. b3 Kg7 28. Qxa4 Qd3 29. Qc4 Qd2 30. b4 Kf6 31. Qc6+ Ke7 32. Qc7+ Ke6 33. b5 Qb4 34. b6 Qb5 35. b7 Kf5 36. Qf4+ Ke6 37. b8Q Qc4 38. Qbd6# 1-0